DENTAL CARE FOR CHILDERN (Record no. 4682)
[ view plain ]
| 000 -LEADER | |
|---|---|
| fixed length control field | 00339nam a2200145Ia 4500 |
| 008 - FIXED-LENGTH DATA ELEMENTS--GENERAL INFORMATION | |
| fixed length control field | 150201s2011 xx 000 0 und d |
| 082 ## - DEWEY DECIMAL CLASSIFICATION NUMBER | |
| Classification number | 617.6 |
| Item number | D2008K |
| 100 ## - MAIN ENTRY--PERSONAL NAME | |
| Personal name | KOHLI,ANIL |
| 245 ## - TITLE STATEMENT | |
| Title | DENTAL CARE FOR CHILDERN |
| 250 ## - EDITION STATEMENT | |
| Edition statement | 1ST |
| 260 ## - PUBLICATION, DISTRIBUTION, ETC. (IMPRINT) | |
| Name of publisher, distributor, etc. | ELSEVIER |
| Place of publication, distribution, etc. | DELHI |
| Date of publication, distribution, etc. | 2011 |
| 300 ## - PHYSICAL DESCRIPTION | |
| Extent | 1-350 |
| 650 ## - SUBJECT ADDED ENTRY--TOPICAL TERM | |
| Topical term or geographic name as entry element | PEDODONTICS |
| 942 ## - ADDED ENTRY ELEMENTS (KOHA) | |
| Source of classification or shelving scheme | Dewey Decimal Classification |
| Koha item type | Books |
| Koha issues (borrowed), all copies | 3 |
| Withdrawn status | Lost status | Source of classification or shelving scheme | Damaged status | Not for loan | Home library | Current library | Date acquired | Source of acquisition | Cost, normal purchase price | Serial Enumeration / chronology | SGTU | Bill Number | Total Checkouts | Full call number | Barcode | Date last seen | Bill Date | Koha item type | Date last checked out |
|---|---|---|---|---|---|---|---|---|---|---|---|---|---|---|---|---|---|---|---|
| Dewey Decimal Classification | SGT Dental Library | SGT Dental Library | 11/11/2011 | U.B.S.DELHI | 700.00 | 1 | SGTU | 514 | 617.6 D2008K | FD6532 | 09/02/2015 | 07/06/2013 | Books | ||||||
| Dewey Decimal Classification | SGT Dental Library | SGT Dental Library | 11/11/2011 | U.B.S.DELHI | 700.00 | 1 | SGTU | 514 | 1 | 617.6 D2008K | FD6533 | 23/05/2025 | 07/06/2013 | Books | 23/05/2025 | ||||
| Dewey Decimal Classification | SGT Dental Library | SGT Dental Library | 11/11/2011 | U.B.S.DELHI | 700.00 | 1 | SGTU | 514 | 4 | 617.6 D2008K | FD6534 | 22/05/2025 | 07/06/2013 | Books | 22/05/2025 |